| 000 | 01111nam a2200289Ia 4500 | ||
|---|---|---|---|
| 003 | OSt | ||
| 005 | 20221005110335.0 | ||
| 006 | a|||||r|||| 00| 0 | ||
| 007 | ta | ||
| 008 | 221004b |||||||| |||| 00| 0 hin d | ||
| 020 |
_a9788179756522 (hbk) _cINR 400.00 |
||
| 024 | _a42440 | ||
| 037 |
_b1424, 11/03/2019, Shivanjali Prakashan & Book Seller _cTextual |
||
| 040 |
_aCRL _cCRL _bhin |
||
| 041 |
_2hin _ahin |
||
| 082 | _a40aZ2(D65,8), 152Q7 | ||
| 100 | _aजादौन, योगेश, ले. | ||
| 245 | 0 | _aप्रेस विधि और साइबर लॉ | |
| 246 | _aPres vidhi aur sāibar laॉ | ||
| 260 |
_aनई दिल्ली _bअनामिका पब्लिशर्स भारत _c2017 |
||
| 300 |
_a119पृ0 _ccm. |
||
| 650 | _a कानून शास्त्र | ||
| 650 | _a पत्रकारिता | ||
| 650 | _aकम्प्यूटर | ||
| 942 |
_h40aZ2(D65,8), 152Q7 _cTEXL _2cc |
||
| 999 |
_c1018504 _d1018504 |
||